[Event "Montcalm V 2005-06"]
[Site "Quebec CAN"]
[Date "2006.03.08"]
[Round "4"]
[White "Berube, Antoine"]
[Black "Auger, Bertrand"]
[Result "1-0"]
[WhiteElo "2191"]
[BlackElo "2038"]
[PlyCount "107"]
[EventDate "2006.02.16"]
[EventType "swiss"]
[EventRounds "5"]
[EventCountry "CAN"]

1. d4 e6 2. c4 Nf6 3. Nc3 Bb4 4. Nf3 b6 5. Bg5 Bb7 6. Nd2 h6 7. Bh4 g5 8. Bg3
Nh5 9. Be5 f6 10. e4 Ng7 11. Bg3 h5 12. h4 Bxc3 13. bxc3 d6 14. Bd3 g4 15. Qe2
e5 16. Nf1 Nc6 17. d5 Ne7 18. Ne3 Bc8 19. f3 f5 20. exf5 Nexf5 21. Nxf5 Nxf5
22. Bxf5 Bxf5 23. f4 e4 24. Bf2 Kf7 25. g3 Re8 26. Be3 Qd7 27. Kf2 Kg6 28. Rhe1
Rac8 29. Qd2 Qf7 30. Qd4 Rcd8 31. Bc1 Qd7 32. Ke3 Qg7 33. Bb2 Qd7 34. Red1 Qg7
35. Qd2 Qd7 36. Qc2 c5 37. dxc6 Qxc6 38. Rd4 Rd7 39. Rad1 Red8 40. Qd2 Qc5 41.
Ke2 Kf6 42. Qc1 Be6 43. f5 Bxc4+ 44. Rxc4 Qxc4+ 45. Kf2 Qc5+ 46. Kg2 e3 47. c4+
Kf7 48. Rd5 e2 49. Rxc5 dxc5 50. Bc3 Rd1 51. Qg5 Rg8 52. Qf6+ Ke8 53. Qe6+ Kf8
54. Qxe2 1-0

[Event "Montcalm V 2005-06"]
[Site "Quebec CAN"]
[Date "2006.03.08"]
[Round "4"]
[White "Cournoyer, Dominic"]
[Black "Perreault, Jacquelin"]
[Result "0-1"]
[WhiteElo "1738"]
[BlackElo "1795"]
[PlyCount "84"]
[EventDate "2006.02.16"]
[EventType "swiss"]
[EventRounds "5"]
[EventCountry "CAN"]

1. c4 f5 2. d4 Nf6 3. Nc3 e6 4. Nf3 Bb4 5. Bd2 b6 6. g3 Bb7 7. Bg2 O-O 8. a3
Bxc3 9. Bxc3 Ne4 10. Qc2 Nxc3 11. Qxc3 d6 12. Rd1 Qe7 13. O-O Nd7 14. b4 c5 15.
dxc5 dxc5 16. b5 Rad8 17. Nh4 Bxg2 18. Nxg2 e5 19. Ne3 f4 20. Nd5 Qe6 21. Kg2
Nf6 22. Nxf6+ Qxf6 23. Rd3 Rd4 24. g4 e4 25. Rdd1 f3+ 26. exf3 exf3+ 27. Kh1
Qf4 28. Rg1 Rfd8 29. Rxd4 Rxd4 30. h3 Rxc4 31. Qb3 Kf8 32. Rg3 Rc1+ 33. Kh2 c4
34. Qxf3 Qxf3 35. Rxf3+ Ke7 36. Kg2 Kd6 37. Rf7 c3 38. Rf8 Kc5 39. Kf3 Kc4 40.
Ke2 Kb3 41. Rf7 c2 42. Rc7 Rd1 0-1

[Event "Montcalm V 2005-06"]
[Site "Quebec CAN"]
[Date "2006.03.08"]
[Round "4"]
[White "Cummins, Paul"]
[Black "Marquardt, Christian"]
[Result "1/2-1/2"]
[WhiteElo "1745"]
[BlackElo "2056"]
[PlyCount "76"]
[EventDate "2006.02.16"]
[EventType "swiss"]
[EventRounds "5"]
[EventCountry "CAN"]

1. Nf3 Nf6 2. b3 b5 3. e4 Nxe4 4. Bxb5 e6 5. Qe2 Bb7 6. Nc3 Nxc3 7. dxc3 Be7 8.
Bb2 O-O 9. O-O-O d6 10. Bd3 Nd7 11. Rhe1 a5 12. a4 Bf6 13. Nd4 Bxg2 14. f3 Bh3
15. f4 Bxd4 16. cxd4 Qh4 17. Qe3 Nf6 18. Bf1 Bf5 19. Qg3 Qxg3 20. hxg3 h5 21.
Bg2 d5 22. Rh1 Be4 23. Bxe4 Nxe4 24. Rxh5 Nxg3 25. Rh4 f6 26. Rd3 Nf5 27. Rh1
Kf7 28. Rdh3 Rfc8 29. Rc3 Nxd4 30. Re1 Ra6 31. Rc5 Nc6 32. f5 Re8 33. fxe6+
Rxe6 34. Rd1 g5 35. Rcxd5 Kg6 36. Rf1 Ne7 37. Rd8 Ra8 38. Rd5 g4 1/2-1/2

[Event "Montcalm V 2005-06"]
[Site "Quebec CAN"]
[Date "2006.03.08"]
[Round "4"]
[White "Gagnon-Paradis, Ulysse"]
[Black "Bourassa, Andre"]
[Result "0-1"]
[WhiteElo "1460"]
[BlackElo "1718"]
[PlyCount "74"]
[EventDate "2006.02.16"]
[EventType "swiss"]
[EventRounds "5"]
[EventCountry "CAN"]

1. e4 c5 2. Nc3 d6 3. g3 e5 4. Bg2 Nf6 5. d3 Be7 6. Nge2 Nc6 7. O-O Nd4 8. Nxd4
cxd4 9. Ne2 Bd7 10. Bd2 O-O 11. c3 dxc3 12. bxc3 Bc6 13. c4 b5 14. Nc3 bxc4 15.
dxc4 Nd7 16. Nd5 Nb6 17. Ba5 Bxd5 18. cxd5 Qd7 19. Bxb6 axb6 20. Qb3 Qa7 21.
Rfc1 Rfc8 22. Rc6 Rxc6 23. dxc6 Qc7 24. Qd5 Ra5 25. Qb3 Rc5 26. Qa4 Bd8 27. Bf1
Qxc6 28. Qxc6 Rxc6 29. a4 Kf8 30. Bb5 Rc5 31. Rd1 Ke7 32. f4 g6 33. fxe5 Rxe5
34. Rd4 Rc5 35. Bc4 b5 36. Bxb5 Bb6 37. Rd3 Rxb5+ 0-1

[Event "Montcalm V 2005-06"]
[Site "Quebec CAN"]
[Date "2006.03.08"]
[Round "4"]
[White "L'Heureux, Clement"]
[Black "Caron, Sebastien"]
[Result "1/2-1/2"]
[WhiteElo "1927"]
[BlackElo "1920"]
[PlyCount "44"]
[EventDate "2006.02.16"]
[EventType "swiss"]
[EventRounds "5"]
[EventCountry "CAN"]

1. d4 Nf6 2. c4 c5 3. d5 b5 4. cxb5 a6 5. b6 Qxb6 6. Nf3 d6 7. Nc3 Nbd7 8. e4
g6 9. h3 Bg7 10. a4 Rb8 11. Be2 Qb3 12. O-O Qxd1 13. Rxd1 O-O 14. Rb1 Ne8 15.
Bd2 Ne5 16. Ne1 f5 17. f4 Nf7 18. exf5 Bd4+ 19. Kh2 Bxf5 20. Bd3 Bxd3 21. Nxd3
Nf6 22. Ne2 Nxd5 1/2-1/2

[Event "Montcalm V 2005-06"]
[Site "Quebec CAN"]
[Date "2006.03.08"]
[Round "4"]
[White "Monga, Alain"]
[Black "Sauve, Richard"]
[Result "0-1"]
[WhiteElo "1710"]
[BlackElo "2011"]
[PlyCount "81"]
[EventDate "2006.02.16"]
[EventType "swiss"]
[EventRounds "5"]
[EventCountry "CAN"]

1. e4 c5 2. Nc3 Nc6 3. g3 g6 4. Bg2 Bg7 5. d3 d6 6. Be3 Rb8 7. Rb1 e6 8. f4
Nge7 9. Nf3 Nd4 10. O-O O-O 11. Kh1 b5 12. a3 b4 13. axb4 Nxf3 14. Bxf3 Rxb4
15. Bd2 Bd7 16. Qe1 Nc6 17. Nd1 Ra4 18. c3 Qa5 19. Ne3 Qc7 20. Bg4 f5 21. Bd1
Ra5 22. Bb3 Kh8 23. Qd1 Rb5 24. Bc4 Rbb8 25. exf5 exf5 26. Re1 Ne7 27. Qf3 Bc6
28. Nd5 Qb7 29. Ba6 Bxd5 30. Bxb7 Rxb7 31. Re4 Ng8 32. Kg1 Nf6 33. c4 fxe4 34.
Qg2 e3 35. cxd5 exd2 36. Qxd2 Rfb8 37. d4 Ne4 38. Qd3 Bxd4+ 39. Kg2 Rxb2+ 40.
Rxb2 Rxb2+ 41. Kh3 0-1

[Event "Montcalm V 2005-06"]
[Site "Quebec CAN"]
[Date "2006.03.16"]
[Round "5"]
[White "Audet-Bouchard, Nicolas"]
[Black "Berube, Antoine"]
[Result "1/2-1/2"]
[WhiteElo "2200"]
[BlackElo "2191"]
[PlyCount "113"]
[EventDate "2006.02.16"]
[EventType "swiss"]
[EventRounds "5"]
[EventCountry "CAN"]

1. f4 d5 2. Nf3 Nf6 3. g3 g6 4. Bg2 Bg7 5. O-O O-O 6. c3 c5 7. d3 Nc6 8. Qe1 d4
9. Na3 e5 10. fxe5 Ng4 11. Bg5 Qd7 12. Nc4 Ngxe5 13. Nfxe5 Nxe5 14. Nxe5 Bxe5
15. Bf6 Qd6 16. Bxe5 Qxe5 17. Rf4 Be6 18. c4 Rae8 19. Qd2 Bf5 20. Re1 Qe3+ 21.
Qxe3 Rxe3 22. Rf3 Re7 23. e4 dxe3 24. Rfxe3 Rxe3 25. Rxe3 Be6 26. Bxb7 Rb8 27.
Bd5 Rxb2 28. Bxe6 fxe6 29. Rxe6 Rxa2 30. Rc6 Ra3 31. Rd6 a5 32. Kf2 Ra2+ 33.
Ke3 a4 34. Rd5 a3 35. Rxc5 Rxh2 36. Ra5 a2 37. c5 Kf7 38. Ke4 Ke6 39. Ra6+ Kd7
40. d4 h5 41. d5 Rc2 42. Ra7+ Kc8 43. Kd4 Kb8 44. Ra5 Kc7 45. Kd3 Rf2 46. d6+
Kc6 47. Ke3 Rf5 48. Ra6+ Kxc5 49. d7 Rf8 50. Rxa2 Kc6 51. Ra6+ Kxd7 52. Rxg6
Rf5 53. Ke4 Rb5 54. Kf4 Ke7 55. Rg5 Rb4+ 56. Kf5 h4 57. gxh4 1/2-1/2

[Event "Montcalm V 2005-06"]
[Site "Quebec CAN"]
[Date "2006.03.16"]
[Round "5"]
[White "Cournoyer, Dominic"]
[Black "Monga, Alain"]
[Result "1-0"]
[WhiteElo "1738"]
[BlackElo "1710"]
[PlyCount "71"]
[EventDate "2006.02.16"]
[EventType "swiss"]
[EventRounds "5"]
[EventCountry "CAN"]

1. c4 Nf6 2. Nc3 g6 3. Nf3 Bg7 4. g3 O-O 5. Bg2 c6 6. O-O d5 7. cxd5 cxd5 8. d4
Nc6 9. Bf4 Qb6 10. Na4 Qb5 11. Rc1 b6 12. b3 e6 13. e3 Ba6 14. Re1 Rac8 15. Bd6
Rfd8 16. Bf1 Qa5 17. Rxc6 Bxf1 18. Rxc8 Rxc8 19. Rxf1 Ne4 20. Bf4 b5 21. Nc5
Nxc5 22. dxc5 Rxc5 23. b4 Qxb4 24. Bd6 Bc3 25. Bxc5 Qxc5 26. Nd2 a5 27. Nb3 Qc4
28. Qb1 a4 29. Nd4 b4 30. Rc1 e5 31. Nc2 Bd2 32. Rd1 Bc3 33. Ne1 Kg7 34. Rc1 f5
35. Nd3 Qb5 36. Rxc3 1-0

[Event "Montcalm V 2005-06"]
[Site "Quebec CAN"]
[Date "2006.03.16"]
[Round "5"]
[White "Lessard, Claude"]
[Black "Sauve, Richard"]
[Result "1/2-1/2"]
[WhiteElo "1958"]
[BlackElo "2011"]
[PlyCount "119"]
[EventDate "2006.02.16"]
[EventType "swiss"]
[EventRounds "5"]
[EventCountry "CAN"]

1. d4 e6 2. Nf3 d5 3. Bf4 Nf6 4. e3 Be7 5. Bd3 O-O 6. O-O b6 7. Nbd2 Ba6 8.
Bxa6 Nxa6 9. Qe2 Nb8 10. Ne5 Nfd7 11. Qh5 Nxe5 12. dxe5 c5 13. Rad1 Nc6 14. Bg3
Qe8 15. Qg4 Bd8 16. f4 f5 17. exf6 Bxf6 18. c3 Rd8 19. e4 g6 20. e5 Bg7 21. Nf3
Rd7 22. h4 Nd8 23. Bf2 Qf7 24. Be3 Qf5 25. Qg3 Nf7 26. b4 Rc7 27. Qf2 Rfc8 28.
bxc5 bxc5 29. Rb1 Nh6 30. Nh2 Ng4 31. Nxg4 Qxg4 32. Rb5 Bf8 33. Rfb1 Be7 34. g3
Bxh4 35. Kg2 d4 36. Bd2 d3 37. c4 Be7 38. Rb8 Rxb8 39. Rxb8+ Kf7 40. Qf3 Qxf3+
41. Kxf3 Rd7 42. g4 h5 43. gxh5 gxh5 44. a4 h4 45. a5 Rd4 46. Rb7 Rxc4 47. f5
exf5 48. Bg5 Rd4 49. Rxe7+ Kf8 50. Rxa7 d2 51. Bxd2 Rxd2 52. Kf4 h3 53. Rh7 h2
54. a6 Ra2 55. a7 Rxa7 56. Rxh2 c4 57. Kxf5 Rf7+ 58. Ke4 Rc7 59. e6 c3 60. Kd3
1/2-1/2

[Event "Montcalm V 2005-06"]
[Site "Quebec CAN"]
[Date "2006.03.16"]
[Round "5"]
[White "Marquardt, Christian"]
[Black "Caron, Sebastien"]
[Result "1/2-1/2"]
[WhiteElo "2056"]
[BlackElo "1920"]
[PlyCount "92"]
[EventDate "2006.02.16"]
[EventType "swiss"]
[EventRounds "5"]
[EventCountry "CAN"]

1. Nf3 Nf6 2. d4 g6 3. c4 c5 4. d5 b5 5. cxb5 a6 6. bxa6 Bxa6 7. Nc3 d6 8. e4
Bxf1 9. Kxf1 Bg7 10. g3 O-O 11. Kg2 Nbd7 12. h3 Qb6 13. Re1 Ne8 14. Re2 Nc7 15.
Bg5 f6 16. Bf4 Rfb8 17. Rc1 Nb5 18. Nxb5 Qxb5 19. b3 Rc8 20. Rcc2 Kf7 21. Nd2
Nb8 22. Nc4 Bf8 23. Bd2 Na6 24. Bc3 Nc7 25. f4 Qb7 26. Rcd2 Bh6 27. Rd3 Ra6 28.
Kh2 Nb5 29. a4 Nxc3 30. Rxc3 Qb4 31. Rf3 Rd8 32. h4 Bg7 33. Qf1 Kf8 34. Qh3
Rxa4 35. bxa4 Qxc4 36. Rff2 Qxa4 37. f5 Rb8 38. h5 gxh5 39. Qxh5 Qd1 40. Qf3
Rb1 41. Ra2 h5 42. Ra8+ Kf7 43. Qxd1 Rxd1 44. Kg2 Bh6 45. Rh8 Kg7 46. Rc8 Re1
1/2-1/2

[Event "Montcalm V 2005-06"]
[Site "Quebec CAN"]
[Date "2006.03.16"]
[Round "5"]
[White "Oliver, Vance"]
[Black "Guay, Etienne"]
[Result "0-1"]
[WhiteElo "1397"]
[BlackElo "1541"]
[PlyCount "62"]
[EventDate "2006.02.16"]
[EventType "swiss"]
[EventRounds "5"]
[EventCountry "CAN"]

1. Nf3 d5 2. g3 Nc6 3. Bg2 e5 4. d3 Be6 5. c3 f6 6. Qc2 Bc5 7. b4 Bb6 8. Nbd2
Qd7 9. Nb3 d4 10. Nc5 Bxc5 11. bxc5 dxc3 12. Qxc3 Nge7 13. e4 Rd8 14. Bf1 Bg4
15. d4 Nxd4 16. Nxd4 Qxd4 17. Qxd4 Rxd4 18. Be3 Rxe4 19. Bg2 Rb4 20. h3 Be6 21.
O-O Nd5 22. Rfe1 Nxe3 23. Rxe3 Ke7 24. c6 b6 25. Rd3 Rd8 26. Rad1 Rbd4 27. Bf1
Rxd3 28. Rxd3 Rxd3 29. Bxd3 Bxa2 30. Ba6 Bd5 31. Bb5 Kd6 0-1

[Event "Montcalm VI 2005-06"]
[Site "Quebec CAN"]
[Date "2006.03.23"]
[Round "1"]
[White "Berube, Antoine"]
[Black "Angers, Gilles"]
[Result "1/2-1/2"]
[WhiteElo "2238"]
[BlackElo "1951"]
[PlyCount "29"]
[EventDate "2006.03.23"]
[EventType "tourn"]
[EventRounds "5"]
[EventCountry "CAN"]

1. d4 Nf6 2. c4 c5 3. d5 b5 4. cxb5 a6 5. bxa6 g6 6. Nc3 Bxa6 7. Nf3 d6 8. Nd2
Bg7 9. e4 Bxf1 10. Nxf1 Qa5 11. Bd2 O-O 12. Ne3 Qa6 13. Qc2 Nbd7 14. Rb1 Ne5
15. Kd1 1/2-1/2

[Event "Montcalm VI 2005-06"]
[Site "Quebec CAN"]
[Date "2006.03.23"]
[Round "1"]
[White "Bourassa, Andre"]
[Black "Guay, Etienne"]
[Result "0-1"]
[WhiteElo "1723"]
[BlackElo "1543"]
[PlyCount "116"]
[EventDate "2006.03.23"]
[EventType "tourn"]
[EventRounds "5"]
[EventCountry "CAN"]

1. d4 Nf6 2. c4 c5 3. Nf3 e6 4. e3 b6 5. Nc3 Bb7 6. Bd3 d5 7. O-O Nbd7 8. Re1
Ne4 9. cxd5 exd5 10. Bb5 Nxc3 11. bxc3 a6 12. Bxd7+ Qxd7 13. Ne5 Qc7 14. Ba3
Bd6 15. f4 c4 16. Rb1 Bxa3 17. Qa4+ b5 18. Qxa3 Qe7 19. Qxe7+ Kxe7 20. a4 f6
21. Nf3 Bc6 22. axb5 axb5 23. Ra1 Ra4 24. Rxa4 bxa4 25. e4 dxe4 26. Nd2 Bd5 27.
Nxe4 Bxe4 28. Rxe4+ Kd6 29. Kf1 a3 30. Re1 Rb8 31. Ra1 Rb3 32. Ke2 Rxc3 33. Kd2
Rb3 34. Kc2 Kd5 35. Rd1 Rd3 36. Rb1 Kxd4 37. Rb7 Rc3+ 38. Kd2 Rb3 39. Rd7+ Kc5
40. Rxg7 a2 41. Ra7 Rb2+ 42. Kc3 Rxg2 43. h4 Kd5 44. Ra5+ Ke4 45. f5 Kf4 46.
Kxc4 Kg4 47. Kd4 Kxh4 48. Kd5 Kg5 49. Ke6 h5 50. Ra8 Re2+ 51. Kf7 h4 52. Rg8+
Kxf5 53. Ra8 h3 54. Ra5+ Kf4 55. Kxf6 h2 56. Rf5+ Kg3 57. Rg5+ Kf2 58. Rf5+ Ke1
0-1

[Event "Montcalm VI 2005-06"]
[Site "Quebec CAN"]
[Date "2006.03.23"]
[Round "1"]
[White "Caron, Sebastien"]
[Black "Dion, Jean-Francois"]
[Result "1/2-1/2"]
[WhiteElo "1917"]
[BlackElo "1909"]
[PlyCount "107"]
[EventDate "2006.03.23"]
[EventType "tourn"]
[EventRounds "5"]
[EventCountry "CAN"]

1. d4 Nf6 2. c4 g6 3. Nc3 Bg7 4. e4 d6 5. f3 O-O 6. Be3 e5 7. d5 Nbd7 8. h4 Nh5
9. Nge2 f5 10. Bg5 Nhf6 11. Qd2 f4 12. g4 h6 13. Bxf6 Bxf6 14. h5 Bh4+ 15. Kd1
g5 16. Nc1 a5 17. Nd3 b6 18. Ne1 Bxe1 19. Kxe1 Nc5 20. Be2 Bd7 21. Kf2 Qe7 22.
Rhb1 a4 23. Bd1 Rfb8 24. b4 axb3 25. axb3 Qe8 26. b4 Nb7 27. Bb3 Kg7 28. Qc2
Rxa1 29. Rxa1 Ra8 30. Qb2 Qc8 31. Bd1 c5 32. dxc6 Bxc6 33. Be2 Nd8 34. Nd5 Rxa1
35. Qxa1 Qb7 36. b5 Bxd5 37. exd5 Qc7 38. Qb1 Qc5+ 39. Kf1 Nf7 40. Qe4 Qd4 41.
Qg6+ Kf8 42. Bd3 Qe3 43. Kg2 Qd2+ 44. Kf1 Qe3 45. Kg2 Qe1 46. Qe4 Qxe4 47. Bxe4
Nd8 48. Kf2 Nb7 49. Ke2 Na5 50. Kd3 Nb3 51. Kc3 Nd4 52. Kd3 Ke7 53. Kd2 Kf6 54.
Kd3 1/2-1/2

[Event "Montcalm VI 2005-06"]
[Site "Quebec CAN"]
[Date "2006.03.23"]
[Round "1"]
[White "Gagnon, Alain"]
[Black "Hebert, Marc"]
[Result "1/2-1/2"]
[WhiteElo "1670"]
[BlackElo "1670"]
[PlyCount "60"]
[EventDate "2006.03.23"]
[EventType "tourn"]
[EventRounds "5"]
[EventCountry "CAN"]

1. d4 Nf6 2. c4 d6 3. Nc3 e5 4. d5 Be7 5. e4 O-O 6. Bd3 Na6 7. a3 Nc5 8. Bc2 a5
9. Nge2 b6 10. O-O Nh5 11. Ng3 Nxg3 12. fxg3 Bg5 13. Qh5 Bxc1 14. Raxc1 Qe7 15.
Rf2 g6 16. Qh6 f5 17. Rcf1 Ba6 18. b3 fxe4 19. Nxe4 Nxe4 20. Bxe4 Rxf2 21. Rxf2
Rf8 22. Rxf8+ Qxf8 23. Qxf8+ Kxf8 24. g4 a4 25. Bc2 axb3 26. Bxb3 g5 27. Kf2
Ke7 28. Ke3 Kf6 29. Kd2 Bc8 30. h3 Bd7 1/2-1/2

[Event "Montcalm VI 2005-06"]
[Site "Quebec CAN"]
[Date "2006.03.23"]
[Round "1"]
[White "L'Heureux, Clement"]
[Black "Cummins, Paul"]
[Result "1/2-1/2"]
[WhiteElo "1930"]
[BlackElo "1782"]
[PlyCount "100"]
[EventDate "2006.03.23"]
[EventType "tourn"]
[EventRounds "5"]
[EventCountry "CAN"]

1. d4 d5 2. Nc3 Nf6 3. Bg5 Nbd7 4. e3 e6 5. Qf3 c6 6. Bd3 Qb6 7. Rb1 Be7 8. Bf4
c5 9. g4 c4 10. Bf1 Bb4 11. Qd1 Qa5 12. f3 Bxc3+ 13. bxc3 Qxc3+ 14. Kf2 Qa3 15.
Ne2 O-O 16. Bg2 Nb6 17. Qd2 Bd7 18. c3 Qe7 19. h4 h5 20. g5 Ne8 21. Ng3 g6 22.
e4 Bc6 23. e5 Ng7 24. Be3 Nf5 25. Rb4 Na4 26. Bf1 a5 27. Rb1 Nxg3 28. Kxg3 Qa3
29. Rc1 Ra6 30. Be2 Rb6 31. Rc2 Rb2 32. Rhc1 Rxc2 33. Rxc2 Ra8 34. Qe1 Qe7 35.
Bd1 b5 36. Rc1 Nb6 37. Rb1 Qc7 38. Qd2 Nd7 39. f4 Nb8 40. Qb2 Na6 41. Bd2 a4
42. a3 Nb8 43. Bc2 Be8 44. Qb4 Nc6 45. Qc5 Qe7 46. Rxb5 Qxc5 47. Rxc5 Na5 48.
Bc1 Nb3 49. Bxb3 axb3 50. Bb2 Kf8 1/2-1/2

[Event "Montcalm VI 2005-06"]
[Site "Quebec CAN"]
[Date "2006.03.23"]
[Round "1"]
[White "Lapierre, Gaetan"]
[Black "Perreault, Jacquelin"]
[Result "0-1"]
[WhiteElo "1796"]
[BlackElo "1812"]
[PlyCount "62"]
[EventDate "2006.03.23"]
[EventType "tourn"]
[EventRounds "5"]
[EventCountry "CAN"]

1. e4 c5 2. Nc3 Nc6 3. g3 g6 4. Bg2 Bg7 5. d3 e6 6. Nf3 Nge7 7. O-O O-O 8. Be3
d6 9. Qd2 Nd4 10. Bh6 Nec6 11. Ne1 Rb8 12. Bxg7 Kxg7 13. Nd1 e5 14. c3 Ne6 15.
Ne3 Ne7 16. f4 exf4 17. gxf4 f5 18. exf5 Nxf5 19. Nxf5+ Rxf5 20. Be4 Rxf4 21.
Rxf4 Qg5+ 22. Ng2 d5 23. Bxd5 Qxd5 24. Rf2 Ng5 25. Kh1 Nh3 26. Re2 Bg4 27. Re7+
Kg8 28. Qh6 Nf2+ 29. Kg1 Nh3+ 30. Kf1 Qf3+ 31. Ke1 Qf2# 0-1

[Event "Montcalm VI 2005-06"]
[Site "Quebec CAN"]
[Date "2006.03.23"]
[Round "1"]
[White "Marquardt, Christian"]
[Black "Lessard, Claude"]
[Result "1/2-1/2"]
[WhiteElo "2036"]
[BlackElo "2034"]
[PlyCount "42"]
[EventDate "2006.03.23"]
[EventType "tourn"]
[EventRounds "5"]
[EventCountry "CAN"]

1. Nc3 d5 2. e4 dxe4 3. Nxe4 Nf6 4. Nxf6+ exf6 5. d4 Bd6 6. Bd3 O-O 7. Ne2 c5
8. Be3 cxd4 9. Nxd4 Nc6 10. Nxc6 bxc6 11. O-O Qc7 12. h3 Rb8 13. b3 Re8 14. Qf3
g6 15. Rad1 f5 16. Bc4 Bh2+ 17. Kh1 Be5 18. Bd4 Bxd4 19. Rxd4 c5 20. Rdd1 Bb7
21. Bd5 Bxd5 1/2-1/2

[Event "Montcalm VI 2005-06"]
[Site "Quebec CAN"]
[Date "2006.03.23"]
[Round "1"]
[White "Sauve, Richard"]
[Black "Auger, Bertrand"]
[Result "1-0"]
[WhiteElo "1939"]
[BlackElo "2018"]
[PlyCount "61"]
[EventDate "2006.03.23"]
[EventType "tourn"]
[EventRounds "5"]
[EventCountry "CAN"]

1. d4 Nf6 2. c4 e6 3. Nc3 Bb4 4. Qc2 O-O 5. a3 Bxc3+ 6. Qxc3 b6 7. Bg5 Bb7 8.
e3 d6 9. f3 Nbd7 10. Bd3 c5 11. Ne2 Rc8 12. Qd2 Qc7 13. O-O Rfe8 14. Rac1 Qb8
15. e4 cxd4 16. Nxd4 h6 17. Bxh6 gxh6 18. Qxh6 Nh7 19. f4 Re7 20. Rf3 Kh8 21.
Rh3 f6 22. e5 f5 23. Nxe6 Rg8 24. Ng5 Rxg5 25. fxg5 Qf8 26. g6 dxe5 27. Qxf8+
Ndxf8 28. Bxf5 Rg7 29. Rh6 e4 30. Rd1 Re7 31. Rd8 1-0

[Event "Montcalm VI 2005-06"]
[Site "Quebec CAN"]
[Date "2006.03.30"]
[Round "2"]
[White "Angers, Gilles"]
[Black "Sauve, Richard"]
[Result "0-1"]
[WhiteElo "1951"]
[BlackElo "1939"]
[PlyCount "29"]
[EventDate "2006.03.23"]
[EventType "tourn"]
[EventRounds "5"]
[EventCountry "CAN"]

1. e4 c5 2. Nc3 Nc6 3. g3 g6 4. Bg2 Bg7 5. f4 e6 6. d3 d6 7. Nf3 Nge7 8. O-O
O-O 9. Be3 b6 10. Bf2 Ba6 11. Qd2 e5 12. f5 gxf5 13. Qg5 fxe4 14. Nxe4 f5 15.
Nc3 0-1

[Event "Montcalm VI 2005-06"]
[Site "Quebec CAN"]
[Date "2006.03.30"]
[Round "2"]
[White "Caron, Sebastien"]
[Black "L'Heureux, Clement"]
[Result "1/2-1/2"]
[WhiteElo "1917"]
[BlackElo "1930"]
[PlyCount "66"]
[EventDate "2006.03.23"]
[EventType "tourn"]
[EventRounds "5"]
[EventCountry "CAN"]

1. e4 e5 2. Nf3 Nc6 3. Bb5 a6 4. Ba4 Nf6 5. O-O Be7 6. Re1 b5 7. Bb3 d6 8. c3
O-O 9. h3 Be6 10. Bxe6 fxe6 11. Ng5 Qd7 12. Qb3 d5 13. d3 h6 14. Nf3 dxe4 15.
dxe4 Rad8 16. Nbd2 Bc5 17. Nf1 Nh5 18. Be3 Bd6 19. Rad1 Qe7 20. N1h2 Nf4 21.
Bxf4 exf4 22. Nd4 Nxd4 23. cxd4 Bb4 24. Re2 c6 25. Nf3 Bd6 26. Rc2 Rc8 27. d5
exd5 28. exd5 c5 29. Re1 Qf6 30. Re6 c4 31. Rxf6 cxb3 32. Rxf8+ Rxf8 33. axb3
Rd8 1/2-1/2

[Event "Montcalm VI 2005-06"]
[Site "Quebec CAN"]
[Date "2006.03.30"]
[Round "2"]
[White "Cummins, Paul"]
[Black "Lapierre, Gaetan"]
[Result "1-0"]
[WhiteElo "1782"]
[BlackElo "1796"]
[PlyCount "109"]
[EventDate "2006.03.23"]
[EventType "tourn"]
[EventRounds "5"]
[EventCountry "CAN"]

1. e3 g6 2. Be2 Bg7 3. h4 d5 4. d4 h5 5. c3 Nf6 6. Nd2 c6 7. Ngf3 Bg4 8. Nf1
Nbd7 9. Qb3 Qb6 10. N1h2 Bxf3 11. Nxf3 Ng4 12. Qc2 e5 13. Ng5 e4 14. f3 exf3
15. gxf3 Nh6 16. Bd2 O-O-O 17. O-O-O Bf6 18. e4 dxe4 19. Nxe4 Be7 20. Bf4 Nf5
21. Bc4 Rhf8 22. Ng3 Nxh4 23. Qf2 g5 24. Be3 f5 25. f4 gxf4 26. Bxf4 Ng6 27.
Nxh5 Nxf4 28. Qxf4 Qc7 29. Qxc7+ Kxc7 30. Ng7 Nb6 31. Bb3 Nd5 32. Ne6+ Kd6 33.
Nxd8 Bxd8 34. Rh6+ Rf6 35. Rxf6+ Bxf6 36. Bxd5 Kxd5 37. Kd2 c5 38. dxc5 Kxc5
39. Ke2 f4 40. Kf3 Be5 41. Ke4 Bc7 42. Rd5+ Kc6 43. c4 a5 44. a3 b6 45. b4 axb4
46. axb4 Bd6 47. b5+ Kc7 48. Rf5 Kd7 49. Kd5 Bc5 50. Rxf4 Be3 51. Rh4 Bf2 52.
Rh7+ Kc8 53. Kc6 Kb8 54. Rb7+ Ka8 55. Rxb6 1-0

[Event "Montcalm VI 2005-06"]
[Site "Quebec CAN"]
[Date "2006.03.30"]
[Round "2"]
[White "Dion, Jean-Francois"]
[Black "Perreault, Jacquelin"]
[Result "0-1"]
[WhiteElo "1909"]
[BlackElo "1812"]
[PlyCount "64"]
[EventDate "2006.03.23"]
[EventType "tourn"]
[EventRounds "5"]
[EventCountry "CAN"]

1. d4 f5 2. Nf3 Nf6 3. Bf4 e6 4. h3 d5 5. e3 c5 6. c3 Be7 7. Nbd2 O-O 8. Be2
Nc6 9. O-O c4 10. b3 b5 11. bxc4 bxc4 12. Qc2 Ne4 13. Nxe4 fxe4 14. Nd2 Bd6 15.
Bxd6 Qxd6 16. Rfb1 e5 17. Nf1 Qf6 18. Bd1 Qg5 19. Kh1 Rf6 20. Nh2 Rg6 21. g4
Qh4 22. f4 Qxh3 23. f5 Rg5 24. Qf2 h5 25. Be2 hxg4 26. Bf1 g3 27. Bxh3 gxf2 28.
Rf1 Bxf5 29. Bg2 exd4 30. cxd4 Nb4 31. Rxf2 Nd3 32. Rd2 Rb8 0-1

[Event "Montcalm VI 2005-06"]
[Site "Quebec CAN"]
[Date "2006.03.30"]
[Round "2"]
[White "Gagnon, Alain"]
[Black "Bourassa, Andre"]
[Result "1/2-1/2"]
[WhiteElo "1670"]
[BlackElo "1723"]
[PlyCount "54"]
[EventDate "2006.03.23"]
[EventType "tourn"]
[EventRounds "5"]
[EventCountry "CAN"]

1. c4 e6 2. e4 d5 3. cxd5 exd5 4. e5 d4 5. Bc4 Nc6 6. f4 Nh6 7. Nf3 Bc5 8. d3
O-O 9. O-O Na5 10. Qc2 Bb6 11. Nbd2 Nf5 12. Nb3 Nxc4 13. Qxc4 Be6 14. Qc2 c5
15. Nxc5 Rc8 16. Nxe6 Rxc2 17. Nxd8 Rxd8 18. Rf2 Rc6 19. Bd2 Rdc8 20. b4 Ne3
21. a4 a6 22. a5 Ba7 23. Rb1 Rc2 24. Re2 Nd5 25. Kf2 Nc3 26. Bxc3 dxc3+ 27. Ke1
Rxe2+ 1/2-1/2

[Event "Montcalm VI 2005-06"]
[Site "Quebec CAN"]
[Date "2006.03.30"]
[Round "2"]
[White "Hebert, Marc"]
[Black "Dumont, Eric"]
[Result "1-0"]
[WhiteElo "1670"]
[BlackElo "1645"]
[PlyCount "83"]
[EventDate "2006.03.23"]
[EventType "tourn"]
[EventRounds "5"]
[EventCountry "CAN"]

1. e3 e5 2. c4 c5 3. Nc3 Nf6 4. Nf3 Nc6 5. Be2 d6 6. d3 g6 7. Bd2 Bg7 8. a3 Bd7
9. Qb1 O-O 10. b4 Rb8 11. b5 Ne7 12. Qb3 e4 13. dxe4 Nxe4 14. Rd1 Nxd2 15. Rxd2
Qa5 16. Nb1 Bf5 17. O-O Rbd8 18. Rfd1 Nc8 19. Bd3 Bg4 20. Be4 Qc7 21. h3 Be6
22. Nc3 Bxc3 23. Qxc3 Qe7 24. Bd5 Nb6 25. e4 Bxd5 26. exd5 f6 27. Re1 Qf7 28.
Rde2 Rd7 29. Re6 Nc8 30. Nh2 Re7 31. Ng4 Qg7 32. Rxe7 Nxe7 33. Re6 Nf5 34.
Nxf6+ Rxf6 35. Qxf6 Qxf6 36. Rxf6 Kg7 37. Re6 Kf7 38. Kf1 a6 39. a4 axb5 40.
axb5 Nd4 41. Rxd6 Ke7 42. Rb6 1-0

[Event "Montcalm VI 2005-06"]
[Site "Quebec CAN"]
[Date "2006.03.30"]
[Round "2"]
[White "Lessard, Claude"]
[Black "Auger, Bertrand"]
[Result "0-1"]
[WhiteElo "2034"]
[BlackElo "2018"]
[PlyCount "61"]
[EventDate "2006.03.23"]
[EventType "tourn"]
[EventRounds "5"]
[EventCountry "CAN"]

1. d4 e6 2. c4 Nf6 3. a3 b6 4. Nc3 Bb7 5. d5 Be7 6. e4 exd5 7. e5 Ne4 8. Nxd5
O-O 9. Qc2 f5 10. Nf3 Bc5 11. Be3 Bxe3 12. Nxe3 Na6 13. Bd3 Nac5 14. Nd4 Nxf2
15. O-O Nfxd3 16. b4 Qg5 17. Ndxf5 Rxf5 18. Nxf5 Be4 19. h4 Qg4 20. Ne7+ Kh8
21. bxc5 Nf4 22. Rxf4 Qxf4 23. Qc3 Rf8 24. Ra2 Qxh4 25. Nd5 Qg4 26. Rd2 c6 27.
Ne3 Qg3 28. Rxd7 Bxg2 29. Qd2 Bh3+ 30. Ng2 Bxd7 31. Qxd7 0-1